Normal view MARC view
  • Escalante Gonzalbo, Pablo,

Entry Nombre Personal

Number of records used in: 9

001 - NUMERO DE CONTROL

  • campo de control: 30882

003 - IDENTIFICADOR DE NUMERO DE CONTROL

  • campo de control: UPN

005 - FECHA Y HORA DE LA ÜLTIMA TRANSACCIÓN

  • campo de control: 20210909135348.0

008 - DATOS DE LONGITUD FIJA

  • campo de control de longitud fija: 210909ng acannaabn b aaa d

035 ## - NUMERO DE CONTROL

  • Número de control: UPN11000002988

040 ## - FUENTE DE CATALOGACIÓN

  • Lenguaje de catalogación: SPA
  • Agencia de transcripción: UPN
  • Agencia original de catalogación: UPN

053 #4 - NÚMERO DE CLASIFICACIÓN LC

  • Número de clasificación elemento-número único o número inicial de tramo: PQ7298.15 S3.2

100 1# - ENCABEZAMIENTO - NOMBRE PERSONAL

  • Nombre personal: Escalante Gonzalbo, Pablo,
  • Fechas asociadas con el nombre: 1963-

670 ## - FUENTE EN LA QUE SE LOCALIZARON DATOS

  • Cita de la fuente: LC/P

680 ## - NOTA PUBLICA DE ACCESO PÚBLICO

  • Encabezamiento o subdivisión: Historiador, académico y escritor mexicano con Doctorado en Historia. Especialista en el arte y la cultura indígena del México central, en el posclásico y después de la conquista

902 ## - CATALOGADOR

  • Catalogador: CAA/100311